La pérdida de puntos en el permiso de conducir y los derechos fundamentales a un juicio justo y a la legalidad penal

Spremljeno u:
Bibliografski detalji
Glavni autor: Díaz Fraile, Francisco (Autor)
Format: Knjiga
Jezik:španjolski
Izdano: Madrid Wolters Kluwer España 2017
Teme:
Oznake: Dodaj oznaku
Bez oznaka, Budi prvi tko označuje ovaj zapis!

MARC

LEADER 00000cam a2200000 a 4500
001 UCC9130
003 CL-VaPUC
008 190906e20170000sp |||||||||||||||||spa|d
020 |a 9788490205891 
082 0 4 |a 345.46077  |b DIA  |2 21 
100 0 |a Díaz Fraile, Francisco  |e author  |9 604009 
245 1 3 |a La pérdida de puntos en el permiso de conducir y los derechos fundamentales a un juicio justo y a la legalidad penal 
300 |a 267 p 
942 |c BK 
945 |d 20190906 13:31:00  |a cmena 
260 |a Madrid  |b Wolters Kluwer España  |c 2017 
650 0 |a Derecho penal español  |9 368528 
650 7 |a LICENCIAS DE CONDUCIR  |2 CL-VaPUC  |9 604010 
650 0 |a Sentencias  |9 256250 
650 0 |a Derecho comparado  |9 255664 
650 7 |a PENAS RESTRICTIVAS  |2 CL-VaPUC  |9 404607 
583 |a last modification  |c 20190906 13:31:00  |k Rodrigo Vera 
999 |c 375324  |d 375322 
952 |0 0  |1 0  |3 erb  |4 0  |6 345_460770000000000_DIA_2017  |7 0  |8 WP_COW  |9 561272  |a BIBDER  |b BIBDER  |e Fundación W and P Cowley  |i 5598141  |o 345.46077 DIA 2017  |p 5598141  |r 2023-01-25  |w 2020-03-12  |y BK  |z Catalogado en:20190906  |k WPC